000 00369nam a2200157Ia 4500
008 191201s2012 xx 000 0 und d
020 _a9788121902816
082 _a003
_bHIO
100 _aGUPTA, Prem Kumar
245 0 _aOperation Research
250 _aRep
260 _aN. Delhi
_bS Chand and Co. Ltd.
_c2012
300 _a1418
650 _aMCA
942 _2ddc
_cBK
999 _c5194
_d5194